Modified Magnetic-based Generator (Record no. 85912)

MARC details
000 -LEADER
fixed length control field 02958nam a22002897a 4500
003 - CONTROL NUMBER IDENTIFIER
control field URS
005 - DATE AND TIME OF LATEST TRANSACTION
control field 20251021095811.0
008 - FIXED-LENGTH DATA ELEMENTS--GENERAL INFORMATION
fixed length control field 250904b ||||| |||| 00| 0 eng d
040 ## - CATALOGING SOURCE
Transcribing agency URS
043 ## - GEOGRAPHIC AREA CODE
Geographic area code URS
245 ## - TITLE STATEMENT
Title Modified Magnetic-based Generator
Remainder of title / Jamena, Jimwell Aaron C.... [et al.].
260 ## - PUBLICATION, DISTRIBUTION, ETC.
Date of publication, distribution, etc. January 2024
300 ## - PHYSICAL DESCRIPTION
Extent 85 leaves :
Other physical details illustrations ;
Dimensions 28 cm.
336 ## - CONTENT TYPE
Source rdacontent
Content type term text
337 ## - MEDIA TYPE
Source rdamedia
Media type term unmediated
338 ## - CARRIER TYPE
Source rdacarrier
Carrier type term volume
502 ## - DISSERTATION NOTE
Dissertation note Thesis
Degree type Bachelor of Technology in Major in Electrical Technology
Name of granting institution University of Rizal System-Morong
Year degree granted 2024
520 ## - SUMMARY, ETC.
Summary, etc. EXECUTIVE SUMMARY: The study aimed to design and construct a Modified Magnetic-Based Generator, perform tryout and revision, determine the level of acceptability of the device in terms of design, functionality, portability, safety and maintenance. It further aimed to determines the level of performance of the device with the respect to voltage output and current output. The device was constructed out locally available materials. The design of the modified magnetic-based generator can be developed out of locally available materials. Bill of materials were prepared, listing of tools and materials were prepared as basis and guide for constructing the project, tool and equipment were also set up in building the said project. The Modified Magnetic-Based Generator was tested for operation where troubles are served and revised. Through the try-out and revision, the project reached the functional output and attained the project objectives. The result shows that respondents accepted the modified magnetic-based generator in the level of acceptability in terms design, functionality, portability, safety and maintenance that demonstrates even more how the respondents agreed that the project is both safe to use and operates effectively. It implies that the developed device can be utilized and it can perform effectively as an electrical power generator. It implies that the created device can be used and function well as a generator of electrical power. On the level of performance of the Modified Magnetic-Based Generator with the respect to voltage output and current time it was found out that the magnetic generator as the prime mover does generate electricity because there is no voltage output since prime mover does nor move according to expectations. The researchers made use of the dummy DC motor as prime mover to test if the DC generator attached to the magnetic generator can produce voltage output and current output.
700 ## - ADDED ENTRY--PERSONAL NAME
Personal name Jamena, Jimwell Aaron C.
Relator term author
700 ## - ADDED ENTRY--PERSONAL NAME
Personal name Dela Cruz, Mark Zedrick B.
Relator term author
700 ## - ADDED ENTRY--PERSONAL NAME
Personal name Malto, Justine J.
Relator term author
700 ## - ADDED ENTRY--PERSONAL NAME
Personal name Bautista, Jerico P.
Relator term author
700 ## - ADDED ENTRY--PERSONAL NAME
Personal name Olpate, Jounell V.
Relator term author
700 ## - ADDED ENTRY--PERSONAL NAME
Personal name Naraja, Ricardo V.
Relator term degree supervisor
856 ## - ELECTRONIC LOCATION AND ACCESS
Materials specified Online Request for Student Unpublished Works
Uniform Resource Identifier <a href="https://forms.gle/7LqvGGkaDrUQqz429">https://forms.gle/7LqvGGkaDrUQqz429</a>
942 ## - ADDED ENTRY ELEMENTS (KOHA)
Source of classification or shelving scheme Library of Congress Classification
Koha item type Theses and dissertations
Holdings
Withdrawn status Source of classification or shelving scheme Damaged status Not for loan Collection code Home library Current library Date acquired Total Checkouts Barcode Date last seen Price effective from Koha item type
  Library of Congress Classification     Reference Morong College Library Morong College Library 09/04/2025   URSMOR-CL-6836 09/04/2025 09/04/2025 Theses and dissertations

University of Rizal System
Email us at univlibservices@urs.edu.ph

Visit our Website www.urs.edu.ph/library